000 00706cam a22002293a 4500
001 34051
003 PGUSA
005 20140828083732.0
008 101009s2010||||xxu|||||s|||||000 | eng d
040 _aPGUSA
_beng
042 _adc
050 4 _aCB
100 1 _aDraper, John William,
_d1811-1882
245 1 0 _aHistory of the Intellectual Development of Europe, Volume II (of 2) :
_bRevised Edition
_h[electronic resource] /
_cJohn William Draper
260 _bProject Gutenberg,
_c2010
506 _aPublic domain in the USA.
516 _aElectronic text
653 _aEurope -- Civilization
830 0 _aProject Gutenberg
_v34051
856 4 0 _uhttp://www.gutenberg.org/ebooks/34051
942 _cEB
999 _c263306
_d263306